[Event "Verbandsliga Sued Baden 0607"]
[Site "Germany"]
[Date "2006.11.12"]
[Round "2.3"]
[White "Fernandez Aguado, Juan Luis"]
[Black "Raka, Ramadan"]
[Result "1-0"]
[WhiteElo "2210"]
[BlackElo "2079"]
[PlyCount "75"]
[EventDate "2006.10.22"]
[EventType "team"]
[EventRounds "9"]
[EventCountry "GER"]
[SourceTitle "EXT 2008"]
[Source "ChessBase"]
[SourceDate "2007.11.25"]
[SourceVersion "1"]
[SourceVersionDate "2007.11.25"]
[SourceQuality "1"]
[WhiteTeam "Horben"]
[BlackTeam "Iffezheim"]
[WhiteTeamCountry "GER"]
[BlackTeamCountry "GER"]

1. d4 d5 2. c4 c6 3. Nf3 e6 4. Nbd2 f5 5. g3 Bd6 6. Bg2 Nf6 7. 0-0 0-0 8. Qc2 h6 9. Ne5 Ne4 10. Nxe4 fxe4 11. f3 Bxe5 12. dxe5 Nd7 13. cxd5 exf3 14. exf3 exd5 15. Re1 Re8 16. f4 Nf8 17. f5 a5 18. Bf4 Ra6 19. Re2 b5 20. Rae1 Bb7 21. e6 Qe7 22. Qd3 Nh7 23. g4 Raa8 24. Qg3 Rad8 25. Bc7 Ra8 26. h4 Ra6 27. Bd6 Qf6 28. Be5 Qe7 29. Bd6 Qf6 30. Bf3 b4 31. Be5 Qe7 32. g5 hxg5 33. hxg5 Qxg5 34. Qxg5 Nxg5 35. Bh5 Re7 36. Bd6 Kf8 37. Rg2 Ne4 38. Rxe4 1-0